00289nam a2200121Ia 4500008004100000082001700041100002100058245003200079250001200111260002800123300000800151650000800159191201s2009 xx 000 0 und d a658.562bKEG aKEEGAN,Warrren J 0aGlobal Marketing Management a7th IMP aN. delhibpearsonc2009 a643 aBBA